Foundations for population health in community/public health nursing / (Record no. 216541)
[ view plain ]
| 000 -LEADER | |
|---|---|
| fixed length control field | 01278nam a22003015i 4500 |
| 001 - CONTROL NUMBER | |
| control field | 21926492 |
| 003 - CONTROL NUMBER IDENTIFIER | |
| control field | OSt |
| 005 - DATE AND TIME OF LATEST TRANSACTION | |
| control field | 20260331153040.0 |
| 008 - FIXED-LENGTH DATA ELEMENTS--GENERAL INFORMATION | |
| fixed length control field | 210304s2021 mou 000 0 eng |
| 010 ## - LIBRARY OF CONGRESS CONTROL NUMBER | |
| LC control number | 2021934549 |
| 020 ## - INTERNATIONAL STANDARD BOOK NUMBER | |
| Canceled/invalid ISBN | 9780323583411 |
| 040 ## - CATALOGING SOURCE | |
| Original cataloging agency | LC |
| Transcribing agency | UNZA |
| Language of cataloging | eng |
| Description conventions | RDA |
| 050 ## - LIBRARY OF CONGRESS CALL NUMBER | |
| Classification number | RT 98 |
| Item number | STA 2018 |
| 100 1# - MAIN ENTRY--PERSONAL NAME | |
| Personal name | Stanhope, Marcia, |
| Relator term | author. |
| 245 10 - TITLE STATEMENT | |
| Title | Foundations for population health in community/public health nursing / |
| Statement of responsibility, etc. | Marcia Stanhope, PhD, RN, FAAN, Education and Practice Consultant and Professor Emeritus, College of Nursing, University if Kentucky, Lexington, Kentucky and Jeanette Lancaster, RN, PhF. FAAN, Sadie Heath Cabiness Professor and Dean Emeritus, School of Nursing, University of Virginia, Charlottesville, Virginia, Associate, Tuft & Associates, Inc. |
| 250 ## - EDITION STATEMENT | |
| Edition statement | 6. |
| 260 ## - PUBLICATION, DISTRIBUTION, ETC. | |
| Place of publication, distribution, etc. | St. Louis, Missouri, |
| Name of publisher, distributor, etc. | Elsevier, |
| Date of publication, distribution, etc. | 2018. |
| 263 ## - PROJECTED PUBLICATION DATE | |
| Projected publication date | 2111 |
| 300 ## - PHYSICAL DESCRIPTION | |
| Extent | xii, 132 pages : |
| Other physical details | illustrations. |
| 336 ## - CONTENT TYPE | |
| Content type term | text |
| Content type code | txt |
| Source | rdacontent |
| 337 ## - MEDIA TYPE | |
| Media type term | unmediated |
| Media type code | n |
| Source | rdamedia |
| 338 ## - CARRIER TYPE | |
| Carrier type term | volume |
| Carrier type code | nc |
| Source | rdacarrier |
| 504 ## - BIBLIOGRAPHY, ETC. NOTE | |
| Bibliography, etc. note | Includes bibliographical references. |
| 650 ## - SUBJECT ADDED ENTRY--TOPICAL TERM | |
| Topical term or geographic name entry element | Community health nursing |
| Geographic subdivision | United States. |
| 650 ## - SUBJECT ADDED ENTRY--TOPICAL TERM | |
| Topical term or geographic name entry element | Public health nursing |
| Geographic subdivision | United States. |
| 700 1# - ADDED ENTRY--PERSONAL NAME | |
| Personal name | Lancaster, Jeanette, |
| Relator term | author. |
| 942 ## - ADDED ENTRY ELEMENTS (KOHA) | |
| Source of classification or shelving scheme | Library of Congress Classification |
| Koha item type | Book |
| Withdrawn status | Lost status | Source of classification or shelving scheme | Damaged status | Not for loan | Collection code | Home library | Current library | Shelving location | Date acquired | Source of acquisition | Total Checkouts | Full call number | Barcode | Date last seen | Copy number | Price effective from | Koha item type |
|---|---|---|---|---|---|---|---|---|---|---|---|---|---|---|---|---|---|
| Library of Congress Classification | Non-fiction | Medical Library | Medical Library | On Shelf | 03/31/2026 | Donation | RT 98 STA 2018 | 33729000171327 | 03/31/2026 | 1 | 03/31/2026 | Book |